01493nam a2200289 a 4500001001000000005001700010008004100027041000800068044000700076084002100083100004500104245008900149260003600238300002900274500016100303500017200464500014800636500008900784500001100873546002500884650005200909650005600961650003401017650004501051700005701096740005001153BRCA_316420190320204137.0120209s1903----fr-a---###---#000-0dfre-u afre afr a467b.G376c19031 aCervantes Saavedra, Miguel ded1547-161610aL´Ingénieux Hidalgo Don Quichotte de la Manchecpar Miguel de Cervantes Saavedra. aParísbGarnier hermanosc1903 axii, 496 p.bil.c19 cm. aContenido : Primera parte. Retrato de Cervantes. Noticia biográfica sobre Cervantes. Prólogo del autor. Texto. Segunda parte. Prólogo del autor. Texto aEdición : Traduit par Florian. Nouvelle edition illustrée de vignettes sur bois d´apres les dessins de G. Staal, gravées par Pannemacker, Monard, Midderich, etc aReproducción de anteriores ediciones de los mismos editores con los dibujos de G. Staal. Semipiel; lomo decorado con dorados Lúdovik Osterc aEstado físico : La cubierta de esta edición se encuentra ligeramente desprendida aQM385B aTexto en : francés14aNovela españolayÉpoca clásica, 1500-170014aLiteratura españolayÉpoca clásica, 1500-170014aNovela españolaySiglo XVII14aDon Quijote (Personaje ficticio)eNovela1 aFlorian, Jean-Pierre Claris ded1755-1794eTraductor0 aEl Ingenioso Hidalgo Don Quijote de la Mancha